عرض عادي
عرض مارك
- Hong, Youlian,
مدخل إسم شخص
001 - رقم الضبط
- حقل الضبط: 38687
003 - معرف رقم الضبط
- حقل الضبط: OSt
005 - تاريخ ووقت أخر عملية
- حقل الضبط: 20131030185926.0
008 - عناصر بيانات ثابتة الطول
- حقل تحكم ثابت الطول: 131030|||a|||||| | ||| d
040 ## - مصدر الفهرسة
- هيئة الفهرسة الأصلية: OSt
- وكالة الكتابة: OSt
100 ## - مدخل -- أسم شخص
- إسم شخص: Hong, Youlian,
- تواريخ مرتبطة بالاسم: 1946-
670 ## - بيانات المصدر موجوده
- الاستشهاد بالمصدر: Work cat.: (OSt)0: Routledge handbook of biomechanics and human movement science /, c2010.
